000 00617nam a2200229Ia 4500
003 OSt
005 20221007070741.0
006 a|||||r|||| 00| 0
007 ta
008 221006b |||||||| |||| 00| 0 eng d
024 _a18,102
037 _cTextual
040 _aFLL
_cFLL
_beng
041 _2eng
_aeng
082 _aY5927:7:70aT.2.N7, M1
100 _aGoyal Bhagat Ram
245 0 _aEducating harijans
260 _aHaryana
_bThe Academic Press India
_c1981
300 _a129p
_ccm.
942 _hY5927:7:70aT.2.N7, M1
_cTEXL
_2CC
999 _c1141427
_d1141427